| 000 | | | 05305cbc2a2200241#x 450 |
| 001 | | | d98a49de-b339-4925-b099-84703b7c6b8b |
| 005 | | | 20230320172409.0 |
| 100 | ## | $a | 20200922l19151917k l0rusy0189 ca |
| 101 | 0# | $a | rus |
| 102 | ## | $a | RU |
| 105 | ## | $a | y### |
| 122 | 2# | $a | d1915###### |
| | $a | d1917###### |
| 200 | 1# | $a | Сергей Михайлович Ратов. Записка о создании общеобразовательного театра "Дом Островского" и программа драматических при нем курсов имени Марии Гавриловны Савиной |
| | $j | [1915-1917] гг. |
| 215 | ## | $a | 23 листа |
| | $d | 36,5х26 см |
| 251 | ## | $c | Дело |
| 300 | ## | $a | Рукописный и машинописный текст |
| 371 | ## | $a | Документ не является опубликованным и широко распространяемым |
| 461 | #0 | $1 | 001db61d72f-43f2-409f-8a83-e0351aa81d78 |
| | $1 | 2001 |
| | $a | Молчанов Анатолий Евграфович (1856-1921), вице-президент Русского театрального общества, редактор журнала "Ежегодник императорских театров", председатель правления Русского общества пароходства и торговли |
| | $1 | 251 |
| | $c | Фонд |
| | $1 | 852 |
| | $j | 678 |
| 462 | #0 | $1 | 0019dad07dd-c609-4d13-9b36-4e45395a7de5 |
| | $1 | 2001 |
| | $a | 1791-1921 гг. |
| | $v | Д. 1052 |
| | $1 | 251 |
| | $c | Опись |
| | $1 | 852 |
| | $j | 1 |
| 801 | #0 | $a | RU |
| | $b | РГИА |
| | $c | 20200922 |
| 801 | #1 | $a | RU |
| | $b | ГлавНИВЦ |
| | $c | 20200922 |
| | $2 | rusmarc |
| 801 | #2 | $a | RU |
| | $b | ПБ им. Б.Н. Ельцина |
| | $c | 20210810 |
| | $g | RCR |
| | $2 | rusmarc |
| 850 | ## | $a | Федеральное казенное учреждение "Российский государственный исторический архив" |
| 852 | ## | $a | РГИА |
| | $j | 1052 |
| 937 | ## | $h | РГИА |
| | $d | 12322355 |
| | $a | ASBIBLIO_SCAN |
| 035 | ## | $a | RusGRCC00024479 |
| 856 | ## | $u | http://readingroom.main.prlib.ru/item.aspx?id_node=n167127013&mode=full |
| 330 | ## | $a | Создание новых театров |
| 600 | #1 | $2 | prlib_sh |
| | $3 | LIBNET\UAF\0000106638 |
| | $a | Островский |
| | $b | А.Н. |
| | $f | 1823 - 1886 |
| | $g | Александр Николаевич |
| | $j | Архивные дела |
| | $x | Увековечение памяти |
| 600 | #1 | $2 | nlr_sh |
| | $3 | RU\NLR\AUTH\661006853 |
| | $a | Савина |
| | $b | М.Г. |
| | $f | 1854 - 1915 |
| | $g | Мария Гавриловна |
| | $j | Архивные дела |
| 605 | ## | $2 | acquisition_Prlib |
| | $3 | LIBNET\UAF\0000106615 |
| | $a | А. Н. Островский |
| | $l | коллекция |
| 605 | ## | $2 | acquisition_Prlib |
| | $3 | DITM\AF\0000003865 |
| | $a | Русский язык |
| | $l | коллекция |
| 686 | ## | $2 | rubbk |
| | $a | 83.3(2=Рус)5-8Островский.ю1 |
| | $v | LBC/M |